Loading...
| Fine Arts - Classical Music | 10 | 18.00 | 2,740% | 530% | 460% |
| Fine Arts - Other | 11 | 12.73 | 2,100% | 255% | 309% |
| Fine Arts - Painting & Sculpture | 7 | 17.14 | 3,529% | 471% | 457% |
| History - American | 7 | 20.00 | 4,443% | 457% | 543% |
| History - European | 4 | 15.00 | 6,175% | 225% | 225% |
| History - Other | 7 | 18.57 | 2,614% | 700% | 371% |
| History - World | 8 | 20.00 | 4,450% | 500% | 550% |
| Literature - American | 9 | 18.89 | 4,500% | 489% | 389% |
| Literature - British | 7 | 20.00 | 2,886% | 400% | 400% |
| Literature - European | 11 | 20.00 | 3,673% | 491% | 491% |
| Literature - World | 11 | 18.18 | 4,600% | 246% | 436% |
| Mythology | 7 | 18.57 | 3,229% | 386% | 629% |
| Other | 8 | 21.25 | 3,438% | 438% | 725% |
| Philosophy | 6 | 23.33 | 4,100% | 217% | 650% |
| Religion | 10 | 19.00 | 2,190% | 330% | 520% |
| Science - Biology | 8 | 18.75 | 5,063% | 450% | 425% |
| Science - Chemistry | 5 | 20.00 | 3,320% | 600% | 420% |
| Science - Other | 9 | 20.00 | 5,611% | 411% | 478% |
| Science - Physics | 9 | 16.67 | 3,100% | 422% | 467% |
| Social Science | 9 | 16.67 | 2,967% | 311% | 356% |